|
|
|
|
| LEADER |
00000nam a2200000 a 4500 |
| 001 |
vtls010198310 |
| 003 |
SK-MaSNL |
| 005 |
20260301190609.0 |
| 008 |
240318s2010 pl 000 j pol |
| 015 |
|
|
|a SNBZSA2012-00871
|
| 020 |
|
|
|a 9788374903295
|q (brož.)
|
| 035 |
|
|
|a 254EF550-AB26-465E-8C77-DB6A73C5547B
|
| 035 |
|
|
|a urn:nbn:sk:snk-amjggm
|
| 035 |
|
|
|a urn:nbn:sk:snk-am0013pj
|
| 040 |
|
|
|a SNK
|b slo
|c SNK
|e AACR2
|
| 041 |
0 |
|
|a pol
|
| 043 |
|
|
|a e-pl---
|
| 044 |
|
|
|a pl
|c PL
|
| 072 |
|
7 |
|a 821.162.1
|x Poľská literatúra
|2 konspekt
|
| 080 |
|
|
|a 821.162.1-3-7
|2 2001
|
| 100 |
1 |
|
|a Siekierski, Wiesław,
|d 1947-
|4 aut
|9 566050
|
| 245 |
1 |
0 |
|a Wiatr i powiewy
|b krótkie formy literackie z lat 1974-1976
|c Wiesław Siekierski ; przedmowa do wydania 1. Jan Poprawa
|
| 250 |
|
|
|a Wyd. 2., uzupelniowe
|
| 260 |
|
|
|a Kraków
|b Towarzystwo Słowaków w Polsce
|c 2010
|
| 300 |
|
|
|a 95 s.
|c 17 cm
|
| 650 |
0 |
7 |
|a poľská literatúra
|2 snkph
|9 1201
|
| 655 |
|
7 |
|a krátke prózy
|2 snkph
|9 319208
|
| 700 |
1 |
|
|a Poprawa, Jan,
|d 1943-
|9 566051
|
| 919 |
|
|
|a 978-83-7490-329-5
|
| 958 |
|
|
|a ZS
|
| 958 |
|
|
|a LX
|
| 958 |
|
|
|a PL
|
| 999 |
|
|
|c 868085
|d 870015
|
| 952 |
|
|
|a SNK
|b SNK
|y VYP
|7 0
|p 17A0687466
|o snkSD 79858 D1
|i snk2011/2302
|8 2
|g 2.62
|0 0
|1 0
|4 0
|d 2010-12-15
|f 1
|l 0
|r 2017-06-30 00:00:00
|w 2026-02-24
|
| 952 |
|
|
|a SNK
|b SNK
|y PREZ
|7 0
|p 17A0686282
|o snkSD 79858
|i snk2011/2085
|8 2
|g 2.62
|0 0
|1 0
|4 0
|d 2010-12-20
|l 0
|r 2025-11-27 00:00:00
|w 2026-02-24
|